[Event "Povolje_2014_open"]
[Site "Ulyanovsk"]
[Date "2014.08.28"]
[Round "5"]
[White "Chugunov, Vyacheslav"]
[Black "Mikeev, Valery"]
[Result "1-0"]
[WhiteElo "1936"]
[BlackElo "1784"]
[PlyCount "55"]
[EventDate "2014.08.26"]
[EventRounds "9"]
[EventCountry "RUS"]

1. c4 c5 2. Nc3 Nc6 3. g3 g6 4. e3 Bg7 5. Bg2 Nf6 6. d4 cxd4 7. exd4 e6 8. d5
exd5 9. cxd5 Nb8 10. Nf3 O-O 11. O-O d6 12. Bf4 a6 13. a4 Bg4 14. Qb3 Bxf3 15.
Bxf3 Qd7 16. a5 Rd8 17. Na4 Qb5 18. Qxb5 axb5 19. Nc3 Ne8 20. Nxb5 Bxb2 21. Ra2
Be5 22. Bg5 f6 23. Be3 Nd7 24. Bg4 f5 25. Bd1 Nc5 26. Re1 Kf7 27. Bxc5 dxc5 28.
Rxe5 1-0

[Event "Povolje_2014_open"]
[Site "Ulyanovsk"]
[Date "2014.08.28"]
[Round "5"]
[White "Parshakov, Vladimir"]
[Black "Anikin, Victor"]
[Result "1-0"]
[WhiteElo "1909"]
[BlackElo "1773"]
[PlyCount "147"]
[EventDate "2014.08.26"]
[EventRounds "9"]
[EventCountry "RUS"]

1. e4 e6 2. d4 a6 3. Nf3 h6 4. Bd3 b5 5. O-O Be7 6. Nc3 d6 7. Ne2 Nd7 8. Ng3 g6
9. e5 d5 10. c3 h5 11. Qc2 Nf8 12. Be3 h4 13. Ne2 Nh6 14. b4 Nf5 15. Bd2 g5 16.
a4 g4 17. Ne1 Bd7 18. axb5 axb5 19. Qb2 Ng6 20. Nc2 Rb8 21. Ne3 Nxe3 22. fxe3
Rg8 23. Qc2 Bg5 24. Nf4 Bxf4 25. exf4 Ne7 26. Ra7 Nc8 27. Ra5 f5 28. exf6 Qxf6
29. f5 exf5 30. Bxf5 Bxf5 31. Rxf5 Qg6 32. Re5+ Ne7 33. Qxg6+ Rxg6 34. Bg5 Rg7
35. Bxh4 Kf8 36. Bxe7+ Rxe7 37. Rxd5 Re3 38. Raxb5 Rxb5 39. Rxb5 Rxc3 40. Rc5
Rd3 41. d5 Ke8 42. Rxc7 Rxd5 43. Rg7 Rd4 44. b5 Kf8 45. Rg5 Kf7 46. b6 Rb4 47.
b7 Kf6 48. Rxg4 Rxb7 49. h4 Kf5 50. Ra4 Kg6 51. Kh2 Kh5 52. Kh3 Rb3+ 53. g3 Rc3
54. Ra5+ Kh6 55. h5 Rb3 56. Kh4 Rb1 57. Ra6+ Kh7 58. g4 Rb5 59. h6 Rb1 60. Kh5
Rh1+ 61. Kg5 Rb1 62. Ra7+ Kh8 63. Kh5 Rb8 64. g5 Rb5 65. Kg4 Rb4+ 66. Kf5 Rb5+
67. Kg6 Rb8 68. Re7 Rg8+ 69. Kh5 Rb8 70. g6 Rb5+ 71. Kg4 Rb8 72. Kg5 Kg8 73.
h7+ Kh8 74. Kh6 1-0

[Event "Povolje_2014_open"]
[Site "Ulyanovsk"]
[Date "2014.08.28"]
[Round "5"]
[White "Logunova, Elizaveta"]
[Black "Nikonova, Irina"]
[Result "0-1"]
[WhiteElo "1709"]
[BlackElo "1892"]
[PlyCount "88"]
[EventDate "2014.08.26"]
[EventRounds "9"]
[EventCountry "RUS"]

1. d4 f5 2. Nf3 Nf6 3. Bf4 g6 4. h3 Bg7 5. e3 O-O 6. Be2 e6 7. O-O Nc6 8. c4
Ne4 9. Nc3 Nxc3 10. bxc3 d6 11. Qc2 e5 12. Bg5 Qe8 13. Rfe1 h6 14. Bh4 Qf7 15.
Rad1 Bd7 16. Bg3 g5 17. Bh2 Rae8 18. d5 Na5 19. e4 f4 20. Kh1 b6 21. Bg1 Bf6
22. Nh2 h5 23. Rf1 Qg6 24. Rde1 Re7 25. g4 fxg3 26. fxg3 Bxh3 27. Rf2 Nb7 28.
Bf1 Bd7 29. Bg2 g4 30. Nf1 Rh7 31. Bh2 h4 32. Kg1 h3 33. Bh1 Rhf7 34. Ree2 Bg5
35. Rxf7 Qxf7 36. Rf2 Qxf2+ 37. Qxf2 Rxf2 38. Kxf2 Na5 39. Ke2 Nxc4 40. Kd3 Bb5
41. Kc2 Na3+ 42. Kb2 Bxf1 43. Kxa3 Be3 44. Kb4 a6 0-1

[Event "Povolje_2014_open"]
[Site "Ulyanovsk"]
[Date "2014.08.28"]
[Round "5"]
[White "Schankin, Sergei"]
[Black "Goncharov, Evgeniy"]
[Result "1/2-1/2"]
[WhiteElo "1816"]
[BlackElo "1717"]
[PlyCount "101"]
[EventDate "2014.08.26"]
[EventRounds "9"]
[EventCountry "RUS"]

1. e4 c6 2. d4 d5 3. exd5 cxd5 4. c4 Nf6 5. Nc3 e6 6. Nf3 Nc6 7. Bd3 dxc4 8.
Bxc4 Bb4 9. O-O O-O 10. Re1 b6 11. Bd3 Bb7 12. Bc2 Rc8 13. Qd3 g6 14. Bg5 Be7
15. a3 Re8 16. Bb3 Nd7 17. Bf4 Nc5 18. Qd1 Nxb3 19. Qxb3 Nxd4 20. Nxd4 Qxd4 21.
Be5 Qg4 22. Bg3 Bc5 23. Qa4 Qxa4 24. Nxa4 Bd4 25. Be5 Rc4 26. Bxd4 Rxd4 27. Nc3
Rd2 28. b4 Rc8 29. Re2 Rxe2 30. Nxe2 e5 31. Rc1 Rd8 32. h3 Rd7 33. f3 f5 34.
Nc3 a6 35. Na4 b5 36. Nc5 Re7 37. Rd1 Kf7 38. Rd6 e4 39. fxe4 fxe4 40. Nxb7
Rxb7 41. Rxa6 e3 42. Kf1 Rd7 43. Ke2 Rd2+ 44. Kxe3 Rxg2 45. Ra7+ Kf6 46. Rxh7
Rg3+ 47. Kd4 Rxa3 48. Kc5 g5 49. Kxb5 Kg6 50. Rh8 Kg7 51. Rh5 1/2-1/2

[Event "Povolje_2014_open"]
[Site "Ulyanovsk"]
[Date "2014.08.28"]
[Round "5"]
[White "Golubchikov, Alexey"]
[Black "Peruhin, Anatoliy"]
[Result "1-0"]
[WhiteElo "1774"]
[BlackElo "1695"]
[PlyCount "103"]
[EventDate "2014.08.26"]
[EventRounds "9"]
[EventCountry "RUS"]

1. e4 Nc6 2. Nf3 d5 3. exd5 Qxd5 4. d4 Bg4 5. Be2 O-O-O 6. c4 Qd6 7. d5 Qg6 8.
Nh4 Bxe2 9. Nxg6 Bxd1 10. Nxh8 Bh5 11. Nxf7 Bxf7 12. dxc6 Bxc4 13. cxb7+ Kxb7
14. Nc3 e6 15. Bg5 Rd7 16. Rd1 Bd6 17. f3 h6 18. Be3 Nf6 19. Kf2 Rf7 20. h3 g5
21. Rd2 Nd5 22. Nxd5 Bxd5 23. Rc1 a6 24. a3 c6 25. Re2 Bc7 26. Bd4 Bf4 27. Rce1
Bc7 28. Rxe6 Bxe6 29. Rxe6 Rh7 30. Rg6 Bb6 31. Bxb6 Kxb6 32. Kg3 Kc5 33. b3 Kd5
34. Kg4 a5 35. b4 axb4 36. axb4 Rb7 37. Rxh6 Rxb4+ 38. Kxg5 c5 39. Rh8 Rb6 40.
Ra8 c4 41. Ra1 c3 42. Rc1 Kd4 43. f4 Kd3 44. f5 Kd2 45. Rxc3 Kxc3 46. f6 Kd3
47. f7 Rb8 48. Kf6 Rb2 49. f8=Q Rxg2 50. Qd6+ Ke3 51. Qe5+ Kf3 52. Qd5+ 1-0

[Event "Povolje_2014_open"]
[Site "Ulyanovsk"]
[Date "2014.08.28"]
[Round "5"]
[White "Sinicin, Vladimir"]
[Black "Verevicheva, Marina"]
[Result "1-0"]
[WhiteElo "1686"]
[BlackElo "1519"]
[PlyCount "61"]
[EventDate "2014.08.26"]
[EventRounds "9"]
[EventCountry "RUS"]

1. e4 e5 2. Nf3 Nc6 3. Nc3 Nf6 4. Bb5 a6 5. Ba4 b5 6. Bb3 d6 7. d3 Be7 8. Nd5
Bd7 9. h3 h6 10. Be3 O-O 11. Qd2 Nh7 12. Nxe7+ Qxe7 13. Bd5 Rac8 14. O-O-O Nb8
15. g4 c6 16. Bb3 Be6 17. g5 h5 18. Rdg1 g6 19. Nh4 Bxb3 20. axb3 c5 21. f4 b4
22. f5 Qc7 23. fxg6 fxg6 24. Nxg6 Rf3 25. Nh4 Rxe3 26. Qxe3 Nd7 27. Rf1 Rf8 28.
Nf5 Re8 29. Nh6+ Kh8 30. g6 Nhf6 31. Nf7+ 1-0

[Event "Povolje_2014_open"]
[Site "Ulyanovsk"]
[Date "2014.08.28"]
[Round "5"]
[White "Suimanov, Vladimir"]
[Black "Pegov, Valery"]
[Result "0-1"]
[WhiteElo "1412"]
[BlackElo "1669"]
[PlyCount "74"]
[EventDate "2014.08.26"]
[EventRounds "9"]
[EventCountry "RUS"]

1. c4 d6 2. Nc3 e5 3. e4 Nc6 4. a3 Bd7 5. Nge2 Nf6 6. d3 Be7 7. g3 O-O 8. Bg2
h6 9. O-O Nh7 10. Nd5 Bg5 11. f4 exf4 12. Nexf4 Nd4 13. Be3 Ne6 14. b4 c6 15.
Nc3 Bf6 16. Rc1 a5 17. b5 cxb5 18. Nxb5 Bxb5 19. cxb5 Bd4 20. Bxd4 Nxd4 21. a4
Nf6 22. Rc4 Qb6 23. Kh1 Rac8 24. Rxc8 Rxc8 25. Ne2 Nxe2 26. Qxe2 Qd4 27. e5
dxe5 28. Bxb7 Rc3 29. Rd1 Ng4 30. Rf1 Rxd3 31. Bc6 Rd2 32. Bf3 Rxe2 33. Bxe2
Qe4+ 34. Bf3 Qc4 35. Kg1 Qxa4 36. Bxg4 Qxg4 37. Rb1 Qd4+ 0-1

[Event "Povolje_2014_open"]
[Site "Ulyanovsk"]
[Date "2014.08.29"]
[Round "6"]
[White "Pirogov, Vyatchslav"]
[Black "Abdulyazanov, Malik"]
[Result "1/2-1/2"]
[WhiteElo "2339"]
[BlackElo "2323"]
[PlyCount "25"]
[EventDate "2014.08.26"]
[EventRounds "9"]
[EventCountry "RUS"]

1. d4 d5 2. Nc3 c6 3. e4 dxe4 4. Nxe4 Bf5 5. Ng3 Bg6 6. h4 h6 7. Nh3 Nf6 8. Nf4
Bh7 9. Bc4 e6 10. Qe2 Bd6 11. c3 O-O 12. Nfh5 Nbd7 13. Nxf6+ 1/2-1/2

[Event "Povolje_2014_open"]
[Site "Ulyanovsk"]
[Date "2014.08.29"]
[Round "6"]
[White "Mirzaev, Aziz"]
[Black "Beldyugin, Alexey"]
[Result "1/2-1/2"]
[WhiteElo "2305"]
[BlackElo "2070"]
[PlyCount "141"]
[EventDate "2014.08.26"]
[EventRounds "9"]
[EventCountry "RUS"]

1. d4 d6 2. Nf3 Nd7 3. e4 e5 4. Bd3 Ngf6 5. O-O Be7 6. Re1 c6 7. Nbd2 Qc7 8. b3
Nf8 9. Bb2 Ng6 10. Nc4 Bg4 11. h3 Bxf3 12. Qxf3 O-O 13. Bf1 exd4 14. Bxd4 d5
15. exd5 Nxd5 16. Ne3 Nxe3 17. Qxe3 Rfe8 18. Rad1 c5 19. Qc3 Bf8 20. Be3 b6 21.
Bb5 Red8 22. Bg5 Be7 23. Bxe7 Nxe7 24. Rxd8+ Rxd8 25. Qe3 Ng6 26. h4 h6 27. g3
a5 28. a4 Qd6 29. Bd3 Qf6 30. Qe4 Nf8 31. Re3 Rd4 32. Qb7 Rd7 33. Qa8 Rd8 34.
Qe4 Rd4 35. Qe7 Qxe7 36. Rxe7 Rd7 37. Rxd7 Nxd7 38. f4 Kf8 39. Kf2 Ke7 40. Kf3
Nf6 41. Bc4 g6 42. g4 Ne8 43. g5 hxg5 44. fxg5 Nd6 45. Bd3 Ke6 46. Kf4 Kd5 47.
c3 Ke6 48. Be2 Kd5 49. Bf3+ Ke6 50. c4 f6 51. Bd5+ Ke7 52. Bg2 Ke6 53. Bd5+ Ke7
54. Kg4 Ne8 55. Be4 Kf7 56. Bc6 Nd6 57. Bd5+ Ke7 58. Kf4 Ne8 59. Be4 Kf7 60.
Bc2 Nd6 61. Bd3 Kg7 62. Kg4 Kf7 63. Bb1 Kg7 64. Kf3 Kf7 65. gxf6 Kxf6 66. Kf4
Nf7 67. Ke4 Ke6 68. Bd3 Nd6+ 69. Kf4 Kf6 70. Bc2 Nf7 71. Bb1 1/2-1/2

[Event "Povolje_2014_open"]
[Site "Ulyanovsk"]
[Date "2014.08.29"]
[Round "6"]
[White "Shuklin, Nikolay"]
[Black "Dobrocmyslov, Artem"]
[Result "1-0"]
[WhiteElo "2113"]
[BlackElo "1983"]
[PlyCount "97"]
[EventDate "2014.08.26"]
[EventRounds "9"]
[EventCountry "RUS"]

1. d4 Nf6 2. Nf3 e6 3. g3 c5 4. Bg2 Nc6 5. O-O d5 6. c4 dxc4 7. Qa4 Bd7 8. dxc5
Na5 9. Qc2 Bxc5 10. Ne5 Qb6 11. Nxd7 Nxd7 12. Nc3 O-O 13. Na4 Qc7 14. Nxc5 Nxc5
15. Bd2 Rac8 16. Bxa5 Qxa5 17. Qxc4 b5 18. Qf4 Na4 19. b4 Qc7 20. Qe3 Qe7 21.
a3 Rc3 22. Qe5 a6 23. Rfd1 Rfc8 24. Qd6 Qxd6 25. Rxd6 Rc1+ 26. Rxc1 Rxc1+ 27.
Bf1 g6 28. Rxa6 Ra1 29. e3 Nc3 30. Ra5 Ne4 31. Kg2 Nc3 32. Bxb5 Nxb5 33. Rxb5
Rxa3 34. g4 h6 35. h4 Rb3 36. Kf3 Kf8 37. Rb7 Rb2 38. Kg3 Ke8 39. g5 h5 40. f3
Rb1 41. b5 Rg1+ 42. Kf4 Rh1 43. Ke5 Rh3 44. Kd6 Kf8 45. b6 Rxf3 46. Ra7 Rxe3
47. b7 Rd3+ 48. Ke5 Rb3 49. Ra8+ 1-0

[Event "Povolje_2014_open"]
[Site "Ulyanovsk"]
[Date "2014.08.29"]
[Round "6"]
[White "Chesalkin, Vladimir"]
[Black "Seyfutdinov, Rustam"]
[Result "1-0"]
[WhiteElo "2078"]
[BlackElo "1955"]
[PlyCount "65"]
[EventDate "2014.08.26"]
[EventRounds "9"]
[EventCountry "RUS"]

1. d4 Nf6 2. Nf3 g6 3. Bf4 Bg7 4. e3 O-O 5. Be2 d6 6. O-O c5 7. c3 Qb6 8. Qc1
Nc6 9. Nbd2 Nh5 10. Bg3 Nxg3 11. hxg3 e5 12. Nc4 Qc7 13. dxc5 dxc5 14. e4 f5
15. Ne3 fxe4 16. Ng5 Bf5 17. g4 Bh6 18. gxf5 Bxg5 19. fxg6 hxg6 20. Qc2 Qh7 21.
Qxe4 Kg7 22. g3 Bxe3 23. fxe3 Qh3 24. Qg2 Qxg2+ 25. Kxg2 Rxf1 26. Rxf1 Rd8 27.
Rd1 Rxd1 28. Bxd1 Ne7 29. Kf3 Kf6 30. Ke4 Ke6 31. Bb3+ Kf6 32. g4 b6 33. Bc4
1-0

[Event "Povolje_2014_open"]
[Site "Ulyanovsk"]
[Date "2014.08.29"]
[Round "6"]
[White "Poletaev, Vitaly"]
[Black "Parfenov, Vladimir"]
[Result "1/2-1/2"]
[WhiteElo "1948"]
[BlackElo "1999"]
[PlyCount "117"]
[EventDate "2014.08.26"]
[EventRounds "9"]
[EventCountry "RUS"]

1. e4 e5 2. Bc4 Nf6 3. d3 Nc6 4. Nf3 Be7 5. h3 O-O 6. Nc3 d6 7. a3 Be6 8. Bb5
Nd4 9. Be3 c6 10. Bc4 Bxc4 11. dxc4 Ne6 12. g4 Qc7 13. Qe2 a6 14. Nd2 b5 15. h4
Nd7 16. cxb5 axb5 17. Nb3 Rfb8 18. g5 b4 19. axb4 Rxa1+ 20. Nxa1 Rxb4 21. Nb3
Nd4 22. Bxd4 exd4 23. Nd1 Ne5 24. Nd2 Ng6 25. Qg4 d5 26. h5 Ne5 27. Qf5 Qd6 28.
f4 Nc4 29. e5 Qe6 30. Qxe6 fxe6 31. Nxc4 Rxc4 32. Kd2 d3 33. Kxd3 Rxf4 34. g6
Rf5 35. Ne3 Rxe5 36. h6 hxg6 37. hxg7 Kxg7 38. Ra1 Re4 39. Ra7 Kf6 40. Rc7 c5
41. b3 g5 42. c4 Rd4+ 43. Ke2 dxc4 44. Nxc4 g4 45. Rc8 Kg7 46. Rc7 Kf6 47. Ra7
g3 48. Ra1 Kf5 49. Ne3+ Ke4 50. Nc2 Rd8 51. Ra4+ Ke5 52. Rg4 Rh8 53. Rxg3 Rh2+
54. Kd3 Rh4 55. Re3+ Kd5 56. Rg3 e5 57. Ne3+ Ke6 58. Rg6+ Kf7 59. Rg4 1/2-1/2

[Event "Povolje_2014_open"]
[Site "Ulyanovsk"]
[Date "2014.08.29"]
[Round "6"]
[White "Ivanov, Nikolay A"]
[Black "Usachev, Andrey"]
[Result "1-0"]
[WhiteElo "1944"]
[BlackElo "1900"]
[PlyCount "117"]
[EventDate "2014.08.26"]
[EventRounds "9"]
[EventCountry "RUS"]

1. c4 e5 2. Nc3 Nf6 3. Nf3 Nc6 4. g3 d5 5. cxd5 Nxd5 6. Bg2 Be6 7. O-O Be7 8.
d4 exd4 9. Nxd4 Nxd4 10. Qxd4 Bf6 11. Qa4+ c6 12. Nxd5 Bxd5 13. Rd1 O-O 14. e4
b5 15. Qc2 Rc8 16. exd5 cxd5 17. Qb3 d4 18. Bf4 Qb6 19. Rac1 Rxc1 20. Bxc1 h6
21. Qf3 Rd8 22. Qc6 Qa5 23. Bd5 h5 24. Bb3 Qb4 25. Bd2 Qf8 26. Qxb5 h4 27. Bb4
Be7 28. Bxe7 Qxe7 29. Qh5 hxg3 30. hxg3 Qf6 31. Kg2 g6 32. Qf3 Qe7 33. Rd3 Kg7
34. Qf4 Qd7 35. Qe4 Rh8 36. g4 Rd8 37. Rf3 f6 38. Qe6 Qxe6 39. Bxe6 d3 40. Bb3
d2 41. Bd1 Rd4 42. Kf1 Rxg4 43. Rd3 Rb4 44. Rxd2 Rb7 45. Ba4 Kh6 46. b3 Rc7 47.
Rb2 Kg5 48. b4 Kf4 49. b5 g5 50. Bd1 Rc1 51. Ke2 Rc7 52. a4 Re7+ 53. Kf1 Rd7
54. Be2 Rd4 55. a5 g4 56. b6 axb6 57. axb6 Rd8 58. b7 Rb8 59. Ba6 1-0

[Event "Povolje_2014_open"]
[Site "Ulyanovsk"]
[Date "2014.08.29"]
[Round "6"]
[White "Kolosov, Anatoly"]
[Black "Chugunov, Vyacheslav"]
[Result "1-0"]
[WhiteElo "1900"]
[BlackElo "1936"]
[PlyCount "55"]
[EventDate "2014.08.26"]
[EventRounds "9"]
[EventCountry "RUS"]

1. e4 c6 2. d4 d5 3. exd5 cxd5 4. Nf3 e6 5. Bd3 Be7 6. O-O Nf6 7. Re1 O-O 8. c3
Nbd7 9. Nbd2 a6 10. Ne5 Re8 11. Ndf3 Qc7 12. Qe2 Nf8 13. Ng5 Ng6 14. Ngxf7 Nxe5
15. Nxe5 b5 16. Bf4 Bd6 17. Bg5 Kh8 18. Qf3 Rf8 19. Qh3 Bxe5 20. dxe5 Ne4 21.
Rxe4 Rf5 22. Rg4 Qxe5 23. f4 Qc7 24. Bxf5 exf5 25. Rh4 g6 26. Bf6+ Kg8 27. Re1
Qb6+ 28. Bd4 1-0

[Event "Povolje_2014_open"]
[Site "Ulyanovsk"]
[Date "2014.08.29"]
[Round "6"]
[White "Sounov, Batyr"]
[Black "Sazonov, Anatoliy"]
[Result "0-1"]
[WhiteElo "1917"]
[BlackElo "1889"]
[PlyCount "112"]
[EventDate "2014.08.26"]
[EventRounds "9"]
[EventCountry "RUS"]

1. e4 e5 2. Nf3 Nf6 3. Nxe5 d6 4. Nc4 Nxe4 5. d4 d5 6. Ne5 Bd6 7. Bd3 O-O 8.
O-O c5 9. c3 Nc6 10. Nxc6 bxc6 11. Qc2 f5 12. dxc5 Nxc5 13. Be2 f4 14. Nd2 Bf5
15. Qd1 Qf6 16. Nf3 Rae8 17. Nd4 Bd7 18. c4 Rxe2 19. Nxe2 f3 20. Ng3 fxg2 21.
Kxg2 Qh4 22. Kg1 Bg4 23. Qd4 Ne6 24. Qe3 Bc5 25. Qe5 Qh3 26. Ne2 Bxe2 27. Be3
d4 28. Bd2 d3 29. Bc3 Bf3 30. Qg3 Qxg3+ 31. hxg3 Be2 32. b4 Bxf1 33. Rxf1 Bd4
34. Bxd4 Nxd4 35. Rd1 Nf3+ 36. Kg2 d2 37. a4 g5 38. g4 h5 39. Kg3 h4+ 40. Kg2
Ne1+ 41. Kg1 Rd8 42. b5 cxb5 43. axb5 Nc2 44. c5 Nd4 45. b6 axb6 46. cxb6 Nc6
47. Kg2 Kf7 48. b7 Nb8 49. f4 gxf4 50. Kh3 f3 51. Kxh4 Ke6 52. Kg3 Rd3 53. Kf2
Kf6 54. Kg3 Kg5 55. Kh3 Kf4 56. Kh2 Ke3 0-1

[Event "Povolje_2014_open"]
[Site "Ulyanovsk"]
[Date "2014.08.29"]
[Round "6"]
[White "Nikonova, Irina"]
[Black "Parshakov, Vladimir"]
[Result "0-1"]
[WhiteElo "1892"]
[BlackElo "1909"]
[PlyCount "130"]
[EventDate "2014.08.26"]
[EventRounds "9"]
[EventCountry "RUS"]

1. e4 c5 2. Nf3 e6 3. d4 cxd4 4. Nxd4 a6 5. Bc4 Nf6 6. Qe2 d5 7. exd5 Nxd5 8.
O-O Be7 9. Rd1 O-O 10. Bb3 Qa5 11. c4 Nf6 12. Bf4 Bd7 13. Bc2 Nc6 14. Nb3 Qb6
15. c5 Bxc5 16. Nxc5 Qxc5 17. Bd6 Nd4 18. Bxc5 Nxe2+ 19. Kf1 Rfc8 20. Kxe2 Rxc5
21. Nc3 Bb5+ 22. Bd3 Bxd3+ 23. Rxd3 Kf8 24. Rad1 Ke7 25. Rg3 g6 26. Rf3 Re5+
27. Kf1 Rc8 28. Rfd3 Rc7 29. Rd4 Rd7 30. Rb4 Rxd1+ 31. Nxd1 b5 32. Ne3 Rc5 33.
Ke2 Nd7 34. Rb3 e5 35. Ra3 Rc6 36. Nd5+ Kd8 37. Nb4 Rc5 38. Nxa6 Rc2+ 39. Ke3
Rxb2 40. Rd3 Ke7 41. a3 f5 42. h4 Nf6 43. Rd2 Rb3+ 44. Ke2 Rxa3 45. Nb4 f4 46.
Nd5+ Kf7 47. Nxf6 Kxf6 48. h5 gxh5 49. Rb2 Ra5 50. g3 Kf5 51. gxf4 Kxf4 52. f3
Kg3 53. Ke3 h4 54. Rb4 Ra3+ 55. Ke2 Rxf3 56. Rxb5 Rf5 57. Rb7 h6 58. Rg7+ Rg5
59. Rh7 Kg2 60. Rf7 h3 61. Rf2+ Kg3 62. Rf3+ Kg4 63. Rf1 h2 64. Ra1 Rh5 65. Rh1
Kg3 0-1

[Event "Povolje_2014_open"]
[Site "Ulyanovsk"]
[Date "2014.08.29"]
[Round "6"]
[White "Goncharov, Evgeniy"]
[Black "Rumyantsev, Nikolay"]
[Result "1-0"]
[WhiteElo "1717"]
[BlackElo "1744"]
[PlyCount "132"]
[EventDate "2014.08.26"]
[EventRounds "9"]
[EventCountry "RUS"]

1. d4 Nf6 2. c4 e5 3. dxe5 Ng4 4. Nf3 Bc5 5. e3 Nc6 6. Be2 Ngxe5 7. Bd2 O-O 8.
Nxe5 Nxe5 9. Bc3 Qg5 10. Bxe5 Qxe5 11. Nc3 c6 12. O-O Bd6 13. g3 Bc7 14. Qd4
Qe7 15. Rad1 Be5 16. Qd3 f5 17. Bf3 Qg5 18. Bg2 Bc7 19. Ne2 Qf6 20. b3 d6 21.
Qd4 Qh6 22. Qf4 Qh5 23. Bf3 Qf7 24. Qd4 Rd8 25. Qc3 a5 26. Nf4 Bd7 27. Rd2 Qe7
28. Rfd1 Be8 29. b4 axb4 30. Qb3 Bf7 31. Rd3 Ba5 32. Qc2 Bb6 33. Rb3 Ba5 34.
Qxf5 Bxc4 35. Rb2 Rf8 36. Qc2 Bf7 37. Be4 g6 38. h4 d5 39. Bd3 Bc7 40. h5 g5
41. Bxh7+ Kh8 42. Ng6+ Bxg6 43. hxg6 Be5 44. Rb3 Kg7 45. Kg2 Qf6 46. Qe2 Bc3
47. f4 Ra7 48. Qg4 Rxa2+ 49. Kf3 Rd8 50. Qxg5 Qxg5 51. fxg5 Rf8+ 52. Kg4 Rh2
53. Rbb1 Rff2 54. Rf1 c5 55. Rfc1 d4 56. exd4 Rd2 57. Rd1 Rxd4+ 58. Rxd4 Bxd4
59. Re1 Rf2 60. Re7+ Kf8 61. Rxb7 Re2 62. Rf7+ Ke8 63. g7 Bxg7 64. Rxg7 c4 65.
Rc7 c3 66. g6 Re7 1-0

[Event "Povolje_2014_open"]
[Site "Ulyanovsk"]
[Date "2014.08.29"]
[Round "6"]
[White "Pisarenko, Oleg"]
[Black "Schankin, Sergei"]
[Result "1/2-1/2"]
[WhiteElo "1997"]
[BlackElo "1816"]
[PlyCount "64"]
[EventDate "2014.08.26"]
[EventRounds "9"]
[EventCountry "RUS"]

1. c4 c5 2. Nc3 Nc6 3. g3 g6 4. Bg2 Bg7 5. e4 Nf6 6. Nge2 O-O 7. O-O d6 8. d3
a6 9. h3 Rb8 10. a4 b6 11. f4 Bb7 12. b3 Nd7 13. Bb2 Nd4 14. Nxd4 Bxd4+ 15. Kh2
f5 16. Qd2 e5 17. Rae1 exf4 18. Rxf4 Be5 19. Rff1 Qe7 20. exf5 Bxg2 21. Kxg2
Rxf5 22. Nd5 Qg7 23. Rxf5 gxf5 24. Bxe5 dxe5 25. Kh2 Nf6 26. Qg2 Rd8 27. Qf3
Nxd5 28. cxd5 Qf6 29. g4 f4 30. Qe4 Re8 31. Qc4 Qd6 32. Qe4 Qf6 1/2-1/2

[Event "Povolje_2014_open"]
[Site "Ulyanovsk"]
[Date "2014.08.29"]
[Round "6"]
[White "Pavlov, Anatoly F"]
[Black "Logunov, Egor"]
[Result "1-0"]
[WhiteElo "2066"]
[BlackElo "1603"]
[PlyCount "44"]
[EventDate "2014.08.26"]
[EventRounds "9"]
[EventCountry "RUS"]

1. c4 e5 2. Nc3 Nf6 3. g3 Nc6 4. Bg2 Bc5 5. Nf3 d6 6. O-O O-O 7. d3 Bg4 8. a3
a5 9. Bg5 h6 10. Bxf6 Qxf6 11. Ne4 Qe6 12. Nxc5 dxc5 13. Qc1 Bh3 14. Qc3 Bxg2
15. Kxg2 Nd4 16. Rfe1 Nxf3 17. exf3 f6 18. Rad1 Rfd8 19. Re4 Rd4 20. Rde1 Qd6
21. Rxd4 cxd4 22. Qb3 b6 1-0

[Event "Povolje_2014_open"]
[Site "Ulyanovsk"]
[Date "2014.08.29"]
[Round "6"]
[White "Pegov, Valery"]
[Black "Logunova, Elizaveta"]
[Result "1/2-1/2"]
[WhiteElo "1669"]
[BlackElo "1709"]
[PlyCount "58"]
[EventDate "2014.08.26"]
[EventRounds "9"]
[EventCountry "RUS"]

1. e4 c6 2. d4 d5 3. f3 e6 4. Ne2 dxe4 5. fxe4 Ne7 6. Nbc3 Ng6 7. Nf4 Bb4 8.
Be2 Qa5 9. Qd3 Nd7 10. O-O O-O 11. Bd2 Rd8 12. Nxg6 hxg6 13. Qf3 Rf8 14. a3
Bxc3 15. Bxc3 Qb6 16. Kh1 Nf6 17. d5 exd5 18. Bxf6 dxe4 19. Qc3 gxf6 20. Rxf6
Be6 21. h4 Rad8 22. Raf1 Qd4 23. Qg3 Qd2 24. R1f2 e3 25. Rxg6+ fxg6 26. Qxg6+
Kh8 27. Qh6+ Kg8 28. Qxe6+ Kh8 29. Qe5+ Kh7 1/2-1/2

[Event "Povolje_2014_open"]
[Site "Ulyanovsk"]
[Date "2014.08.30"]
[Round "7"]
[White "Saveliev, Dmitri"]
[Black "Pirogov, Vyatchslav"]
[Result "1/2-1/2"]
[WhiteElo "2102"]
[BlackElo "2339"]
[PlyCount "38"]
[EventDate "2014.08.26"]
[EventRounds "9"]
[EventCountry "RUS"]

1. d4 Nf6 2. Nf3 e6 3. c4 Bb4+ 4. Bd2 a5 5. a3 Bxd2+ 6. Nbxd2 d6 7. e4 Nbd7 8.
Bd3 e5 9. dxe5 dxe5 10. Qc2 Qe7 11. O-O a4 12. Qc3 O-O 13. Rfc1 b6 14. b4 axb3
15. Nxb3 Rxa3 16. Rxa3 Qxa3 17. c5 bxc5 18. Nxc5 Qxc3 19. Rxc3 Nxc5 1/2-1/2

[Event "Povolje_2014_open"]
[Site "Ulyanovsk"]
[Date "2014.08.30"]
[Round "7"]
[White "Mirzaev, Aziz"]
[Black "Shuklin, Nikolay"]
[Result "1-0"]
[WhiteElo "2305"]
[BlackElo "2113"]
[PlyCount "69"]
[EventDate "2014.08.26"]
[EventRounds "9"]
[EventCountry "RUS"]

1. Nf3 Nf6 2. d4 d6 3. Bg5 Nbd7 4. Nbd2 e5 5. e4 Be7 6. c3 O-O 7. Qc2 c6 8.
O-O-O Qc7 9. Nc4 b5 10. Bxf6 gxf6 11. Ne3 Re8 12. Nh4 Bf8 13. Nhf5 Rb8 14. Ng4
Kh8 15. Rd3 b4 16. c4 exd4 17. Rh3 Re5 18. Nxd4 Bg7 19. Nxe5 fxe5 20. Nf5 Nc5
21. g4 b3 22. axb3 Qa5 23. Bg2 Qa2 24. b4 Rxb4 25. Ra3 Qxc4 26. Nxd6 Bh6+ 27.
Kb1 Qxc2+ 28. Kxc2 Be6 29. Rxa7 Bf4 30. Nxf7+ Kg8 31. Nd6 Kf8 32. Rha1 Nb3 33.
R1a4 Nd4+ 34. Kb1 Rb6 35. Rxh7 1-0

[Event "Povolje_2014_open"]
[Site "Ulyanovsk"]
[Date "2014.08.30"]
[Round "7"]
[White "Abdulyazanov, Malik"]
[Black "Chesalkin, Vladimir"]
[Result "1-0"]
[WhiteElo "2323"]
[BlackElo "2078"]
[PlyCount "83"]
[EventDate "2014.08.26"]
[EventRounds "9"]
[EventCountry "RUS"]

1. e4 c5 2. Nf3 Nc6 3. d4 cxd4 4. Nxd4 Nf6 5. Nc3 e5 6. Ndb5 d6 7. Bg5 a6 8.
Na3 b5 9. Nd5 Be7 10. Bxf6 Bxf6 11. c3 O-O 12. Nc2 Bg5 13. a4 bxa4 14. Rxa4 a5
15. Bc4 Rb8 16. Ra2 Be6 17. Nce3 Kh8 18. O-O g6 19. Qa4 Ne7 20. Rd1 Nxd5 21.
Nxd5 f5 22. exf5 gxf5 23. b3 f4 24. Qxa5 Qe8 25. Qc7 Rd8 26. Ra7 Rd7 27. Qb6
Bd8 28. Qa6 Rxa7 29. Qxa7 Rg8 30. f3 Qg6 31. Qa2 h5 32. b4 Qg5 33. Ne3 Bb6 34.
Bxe6 fxe3 35. Kh1 Rd8 36. Qa6 e4 37. Qxb6 e2 38. Qd4+ Qe5 39. Re1 Qxd4 40. cxd4
Rb8 41. fxe4 Rxb4 42. Kg1 1-0

[Event "Povolje_2014_open"]
[Site "Ulyanovsk"]
[Date "2014.08.30"]
[Round "7"]
[White "Beldyugin, Alexey"]
[Black "Ivanov, Nikolay A"]
[Result "1-0"]
[WhiteElo "2070"]
[BlackElo "1944"]
[PlyCount "109"]
[EventDate "2014.08.26"]
[EventRounds "9"]
[EventCountry "RUS"]

1. d4 Nf6 2. Nf3 g6 3. g3 Bg7 4. Bg2 d6 5. c4 O-O 6. b3 Nbd7 7. Bb2 c5 8. O-O
Rb8 9. Nc3 a6 10. Qd3 cxd4 11. Nxd4 Nc5 12. Qd2 Ne6 13. Rfd1 Bd7 14. Rac1 Nxd4
15. Qxd4 Bc6 16. Nd5 Ne8 17. Qd2 Bxb2 18. Qxb2 e6 19. Nf4 Bxg2 20. Kxg2 Qe7 21.
Qa3 Rd8 22. e4 Rd7 23. Rd4 Qd8 24. Rd3 Nf6 25. Re1 Qe7 26. h4 Rfd8 27. f3 Qf8
28. Red1 d5 29. Qxf8+ Kxf8 30. cxd5 Ke7 31. dxe6 fxe6 32. Kf2 Rxd3 33. Rxd3 Rc8
34. Ke2 Rc5 35. Kd2 g5 36. hxg5 Rxg5 37. Ne2 h5 38. Ke3 Ra5 39. Rd2 Rc5 40. Kf4
Nd7 41. g4 hxg4 42. Kxg4 Nf6+ 43. Kf4 Nh5+ 44. Ke3 e5 45. f4 exf4+ 46. Nxf4
Nxf4 47. Kxf4 Ke6 48. Rh2 Ra5 49. Rh6+ Kd7 50. a4 b5 51. Rh5 Kc7 52. Rd5 Kb6
53. e5 bxa4 54. Rxa5 Kxa5 55. bxa4 1-0

[Event "Povolje_2014_open"]
[Site "Ulyanovsk"]
[Date "2014.08.30"]
[Round "7"]
[White "Sazonov, Anatoliy"]
[Black "Poletaev, Vitaly"]
[Result "1/2-1/2"]
[WhiteElo "1889"]
[BlackElo "1948"]
[PlyCount "77"]
[EventDate "2014.08.26"]
[EventRounds "9"]
[EventCountry "RUS"]

1. Nf3 d5 2. d4 Nc6 3. c4 Bg4 4. e3 e6 5. Qb3 Bb4+ 6. Bd2 Bxd2+ 7. Nbxd2 Nge7
8. Be2 O-O 9. cxd5 exd5 10. O-O Qd6 11. Rac1 h6 12. Rc3 Rfe8 13. Rfc1 b6 14.
Qa4 Bxf3 15. Nxf3 Na5 16. Rxc7 Nc4 17. Qd7 Qb4 18. Bxc4 dxc4 19. R1xc4 Qxb2 20.
a4 a6 21. h3 Rad8 22. Qg4 b5 23. axb5 Qxb5 24. Ne5 Qd5 25. R4c5 Qd6 26. Qf3 Qe6
27. Nc6 Nxc6 28. R5xc6 Qa2 29. Rxa6 Qb1+ 30. Kh2 Rf8 31. Raa7 Qg6 32. g3 Rd6
33. d5 Rf6 34. Qe2 Qe4 35. Rc6 Rxc6 36. dxc6 Qxc6 37. Qa6 Qf3 38. Qf1 Kh7 39.
Qg2 1/2-1/2